00313nam a2200121Ia 4500008004100000040001600041041001200057082001700069100002000086245003800106260003600144300001100180230917s9999||||xx |||||||||||||| ||und|| e83785aMAIN aEnglish a823.09 K146R aKarl, Frederick 0aGreat 20th-century English novels aLondonbThames and Hudsonc1959 a292 p.